Teatro completo : tomo ii /

Guardado en:
Autor Principal: Shakespeare, William
Formato: Libro
Publicado: Buenos Aires : El Ateneo, 1959
Edición:3a. ed.
Series:Clásicos inolvidables
Materias:
Etiquetas: Agregar Etiqueta
Sin Etiquetas, Sea el primero en etiquetar este registro!
LEADER 00831nam a22002055a 4500
001 CEM.cems012204
005 20060822000000.0
008 130507s1959##################000#0#####d
003 CEMS
082 0 4 |a 822.3 
100 1 |a Shakespeare, William 
245 1 0 |a Teatro completo :  |b tomo ii /  |c William Shakespeare ; prólogo de Víctor Hugo ; traducido Por R. Martínez Lafuente 
250 |a 3a. ed. 
260 |a Buenos Aires :  |b El Ateneo,  |c 1959 
300 |a 946 p. 
490 0 |a Clásicos inolvidables 
505 0 |a Troilo y Cresida -- El rey Enrique VIII -- El rey Lear -- Coriolano -- Como Gustéis -- La fiera domada -- La duodécima noche -- Mucho ruido para nada -- Sueño de una noche de verano -- La tempestad 
653 |a Literatura 
653 |a Teatro 
859 |a CEMS  |b BIB. CEMS - 11 de abril  |h 822.3  |i Sh14-4a3  |p 23417.06  |t Ej.1  |v II  |3 II